[Event "FIDE Grand Swiss"]
[Site "Samarkand"]
[Date "2025.09.05"]
[Round "2"]
[White "Goryachkina, Aleksandra"]
[Black "Bacrot, Etienne"]
[Result "1/2-1/2"]
[WhiteElo "2528"]
[BlackElo "2635"]
[PlyCount "62"]
[EventDate "2025.09.04"]
[EventType "swiss"]
[EventRounds "11"]
[EventCountry "UZB"]
[SourceTitle "CB38_2025"]
[SourceDate "2025.09.17"]
[SourceVersion "1"]
[SourceVersionDate "2025.09.17"]
[SourceQuality "1"]

1. e4 e6 2. d4 d5 3. Nc3 Nf6 4. e5 Nfd7 5. f4 c5 6. Nf3 Nc6 7. Be3 a6 8. Ne2 Qb6 9. Qc1 Be7 10. c3 f6 11. h4 0-0 12. h5 h6 13. Rh3 Rf7 14. Kf2 fxe5 15. dxe5 d4 16. cxd4 cxd4 17. Nexd4 Bc5 18. Nb3 Bxe3+ 19. Qxe3 Rxf4 20. Qxb6 Nxb6 21. Re1 Rb4 22. Kg3 Na4 23. Rh4 Rxh4 24. Nxh4 Bd7 25. Ng6 Rd8 26. Be2 Be8 27. Nf4 Nxe5 28. Bxa6 bxa6 29. Rxe5 Nxb2 30. Rxe6 Nd3 31. Rxa6 Nxf4 1/2-1/2

[Event "FRA-ch 98th"]
[Site "Vichy"]
[Date "2025.08.22"]
[Round "4.1"]
[White "Maze, Sebastien"]
[Black "Bacrot, Etienne"]
[Result "1/2-1/2"]
[WhiteElo "2533"]
[BlackElo "2635"]
[PlyCount "41"]
[EventDate "2025.08.15"]
[EventType "k.o."]
[EventRounds "4"]
[EventCountry "FRA"]
[SourceTitle "CB37_2025"]
[SourceDate "2025.09.10"]
[SourceVersion "1"]
[SourceVersionDate "2025.09.10"]
[SourceQuality "1"]

1. e4 e6 2. d4 d5 3. exd5 exd5 4. Nf3 Nf6 5. Bd3 Bd6 6. 0-0 0-0 7. Bg5 Bg4 8. Nbd2 Nbd7 9. c3 c6 10. Qc2 h6 11. Bh4 Qc7 12. Rfe1 Rfe8 13. Bg3 Bxf3 14. Nxf3 Bxg3 15. hxg3 Rxe1+ 16. Rxe1 Re8 17. Rxe8+ Nxe8 18. Bf5 Nd6 19. Bxd7 Qxd7 20. Qe2 Qe8 21. Qxe8+ 1/2-1/2

[Event "FRA-ch 98th"]
[Site "Vichy"]
[Date "2025.08.21"]
[Round "3.2"]
[White "Bacrot, Etienne"]
[Black "Maurizzi, Marc Andria"]
[Result "1/2-1/2"]
[WhiteElo "2635"]
[BlackElo "2604"]
[PlyCount "43"]
[EventDate "2025.08.15"]
[EventType "k.o."]
[EventRounds "4"]
[EventCountry "FRA"]
[SourceTitle "CB37_2025"]
[SourceDate "2025.09.10"]
[SourceVersion "1"]
[SourceVersionDate "2025.09.10"]
[SourceQuality "1"]

1. d4 d5 2. c4 e6 3. Nc3 Nf6 4. cxd5 exd5 5. Bg5 Be7 6. e3 h6 7. Bh4 Bg4 8. Qc2 0-0 9. h3 Bh5 10. Bxf6 Bxf6 11. Qf5 Bg6 12. Qxd5 Qe7 13. Qc4 Rd8 14. Nf3 c5 15. Qxc5 Qxc5 16. dxc5 Nd7 17. Nd4 Nxc5 18. Rd1 a6 19. Be2 Rd6 20. 0-0 Rad8 21. b4 Ne4 22. Nxe4 1/2-1/2

[Event "FRA-ch 98th"]
[Site "Vichy"]
[Date "2025.08.18"]
[Round "2.1"]
[White "Bacrot, Etienne"]
[Black "Moussard, Jules"]
[Result "1/2-1/2"]
[WhiteElo "2635"]
[BlackElo "2584"]
[PlyCount "61"]
[EventDate "2025.08.15"]
[EventType "k.o."]
[EventRounds "4"]
[EventCountry "FRA"]
[SourceTitle "CB37_2025"]
[SourceDate "2025.09.10"]
[SourceVersion "1"]
[SourceVersionDate "2025.09.10"]
[SourceQuality "1"]

1. d4 Nf6 2. c4 e6 3. Nc3 d5 4. cxd5 exd5 5. Bg5 Be6 6. e3 Nbd7 7. Bd3 c6 8. Nge2 h6 9. Bh4 g5 10. Bg3 Nh5 11. Qc2 Nxg3 12. Nxg3 Nf6 13. 0-0-0 Qc7 14. h4 Rg8 15. hxg5 Rxg5 16. Nce2 0-0-0 17. Kb1 Bd6 18. Nf5 Rxg2 19. Nxd6+ Qxd6 20. Nf4 Rg5 21. Rxh6 Ng4 22. Rh4 Kb8 23. Rdh1 Bc8 24. a3 Qe7 25. Ka2 Nf6 26. Rh8 Rxh8 27. Rxh8 Rg8 28. Rxg8 Nxg8 29. Qd1 Nf6 30. Qg1 Ne8 31. Qg8 1/2-1/2

[Event "FRA Cup"]
[Site "Poitiers"]
[Date "2025.06.29"]
[Round "2.1"]
[White "Bacrot, Etienne"]
[Black "Moussard, Jules"]
[Result "1/2-1/2"]
[WhiteElo "2633"]
[BlackElo "2597"]
[PlyCount "21"]
[EventDate "2025.06.28"]
[EventType "team-k.o."]
[EventRounds "2"]
[EventCountry "FRA"]
[SourceTitle "CB27_2025"]
[SourceDate "2025.07.02"]
[SourceVersion "1"]
[SourceVersionDate "2025.07.02"]
[SourceQuality "1"]
[WhiteTeam "Aix en Provence"]
[BlackTeam "Asnieres"]
[WhiteTeamCountry "FRA"]
[BlackTeamCountry "FRA"]

1. e4 c5 2. Nf3 g6 3. c3 d5 4. e5 a6 5. d4 Nc6 6. Be2 Bg7 7. 0-0 f6 8. exf6 Nxf6 9. h3 0-0 10. Be3 Nh5 11. dxc5 1/2-1/2

[Event "FRA Cup"]
[Site "Poitiers"]
[Date "2025.06.28"]
[Round "1.1"]
[White "Bacrot, Etienne"]
[Black "Kamsky, Gata"]
[Result "1-0"]
[WhiteElo "2633"]
[BlackElo "2607"]
[PlyCount "87"]
[EventDate "2025.06.28"]
[EventType "team-k.o."]
[EventRounds "2"]
[EventCountry "FRA"]
[SourceTitle "CB27_2025"]
[SourceDate "2025.07.02"]
[SourceVersion "1"]
[SourceVersionDate "2025.07.02"]
[SourceQuality "1"]
[WhiteTeam "Aix en Provence"]
[BlackTeam "Chartres"]
[WhiteTeamCountry "FRA"]
[BlackTeamCountry "FRA"]

1. e4 e5 2. Nf3 Nc6 3. Bb5 a6 4. Ba4 Nf6 5. 0-0 Be7 6. Re1 b5 7. Bb3 0-0 8. c3 d6 9. h3 Na5 10. Bc2 c5 11. d4 Qc7 12. Nbd2 Bd7 13. Nf1 Nc4 14. b3 Nb6 15. Ne3 c4 16. bxc4 Nxc4 17. Nxc4 bxc4 18. Ba3 Rfe8 19. Rb1 g6 20. Qd2 Kg7 21. Red1 Rac8 22. Qe3 a5 23. d5 Bf8 24. Qb6 Red8 25. Qxc7 Rxc7 26. Rb6 Ne8 27. Rdb1 f5 28. Ra6 Kf6 29. Rxa5 Bh6 30. Rb6 fxe4 31. Bxd6 Nxd6 32. Rxd6+ Ke7 33. Rb6 Be8 34. d6+ Rxd6 35. Rxe5+ Kf7 36. Rxd6 exf3 37. Re4 fxg2 38. Rdd4 Bd7 39. Rxc4 Ra7 40. Bb3 Kf6 41. Kxg2 Bc1 42. Re1 Ba3 43. Rf4+ Bf5 44. Ra4 1-0

[Event "FRA-chT Top 16 GpB"]
[Site "Belfort"]
[Date "2025.05.24"]
[Round "3.2"]
[White "Esipenko, Andrey"]
[Black "Bacrot, Etienne"]
[Result "1/2-1/2"]
[WhiteElo "2695"]
[BlackElo "2633"]
[PlyCount "37"]
[EventDate "2025.05.22"]
[EventType "team-tourn"]
[EventRounds "7"]
[EventCountry "FRA"]
[SourceTitle "CB22_2025"]
[SourceDate "2025.05.28"]
[SourceVersion "1"]
[SourceVersionDate "2025.05.28"]
[SourceQuality "1"]
[WhiteTeam "Asnieres"]
[BlackTeam "Aix En Provence"]
[WhiteTeamCountry "FRA"]
[BlackTeamCountry "FRA"]

1. d4 d5 2. Nf3 Nf6 3. c4 dxc4 4. e3 e6 5. Bxc4 a6 6. 0-0 c5 7. b3 cxd4 8. Nxd4 Bc5 9. Bb2 b5 10. Be2 Bb7 11. Nd2 0-0 12. a4 bxa4 13. Rxa4 Nbd7 14. Bf3 Qc7 15. Qe2 Nb6 16. Raa1 Rfc8 17. Rfc1 Qe7 18. Bxb7 Qxb7 19. h3 1/2-1/2

[Event "Bundesliga 2425"]
[Site "Germany"]
[Date "2025.04.27"]
[Round "15.4"]
[White "Hausrath, Daniel"]
[Black "Bacrot, Etienne"]
[Result "1/2-1/2"]
[WhiteElo "2470"]
[BlackElo "2665"]
[PlyCount "42"]
[EventDate "2024.09.28"]
[EventType "team-tourn"]
[EventRounds "15"]
[EventCountry "GER"]
[SourceTitle "CB18_2025"]
[SourceDate "2025.04.30"]
[SourceVersion "1"]
[SourceVersionDate "2025.04.30"]
[SourceQuality "1"]
[WhiteTeam "Muelheim Nord"]
[BlackTeam "Baden-Baden"]
[WhiteTeamCountry "GER"]
[BlackTeamCountry "GER"]

1. Nf3 d5 2. g3 b6 3. Bg2 Bb7 4. 0-0 e6 5. d3 Nf6 6. Nc3 Be7 7. e4 c5 8. exd5 Nxd5 9. Nxd5 Qxd5 10. c4 Qc6 11. Bd2 Bf6 12. Bc3 Bxc3 13. bxc3 0-0 14. a4 a5 15. Rb1 Nd7 16. Ne1 Qc7 17. Bxb7 Qxb7 18. f4 Rac8 19. Qf3 Qxf3 20. Nxf3 Rc6 21. Rfd1 Rd6 1/2-1/2

[Event "Titled Tuesday intern op 01st Apr Early"]
[Site "Chess.com INT"]
[Date "2025.04.01"]
[Round "1"]
[White "Bacrot, Etienne"]
[Black "Dawda, Vihaan"]
[Result "1-0"]
[WhiteElo "2637"]
[BlackElo "2228"]
[PlyCount "135"]
[EventDate "2025.04.01"]
[EventType "swiss (blitz)"]
[EventRounds "11"]
[EventCountry "USA"]
[SourceTitle "CB15_2025"]
[SourceDate "2025.04.09"]
[SourceVersion "1"]
[SourceVersionDate "2025.04.09"]
[SourceQuality "1"]

1. e4 c5 2. Nf3 d6 3. Bb5+ Nd7 4. 0-0 a6 5. Bxd7+ Bxd7 6. d4 cxd4 7. Qxd4 e5 8. Qd3 Nf6 9. c4 Be7 10. Nc3 0-0 11. Bg5 Bc6 12. Bxf6 Bxf6 13. Rfd1 Qb6 14. b3 Be7 15. Nd5 Bxd5 16. Qxd5 Kh8 17. Qd3 Qc6 18. a4 Rad8 19. Re1 Qc8 20. Rad1 f5 21. exf5 Rxf5 22. Nd2 Rdf8 23. Ne4 Qe6 24. Re3 Rf4 25. g3 R4f5 26. Qd5 Qh6 27. Qd2 Rh5 28. Rd3 Rxh2 29. Qxh6 Rxh6 30. Nxd6 Rhf6 31. Ne4 R6f7 32. Rd7 b6 33. Kg2 g6 34. R1d5 Bb4 35. Rxf7 Rxf7 36. Rxe5 a5 37. Re6 Kg7 38. Rxb6 Re7 39. f3 Rd7 40. c5 Rd1 41. Rb7+ Kh6 42. g4 g5 43. Rb6+ Kg7 44. c6 Rc1 45. Nxg5 Kf6 46. Nxh7+ Ke5 47. Rb5+ Kd6 48. g5 Kxc6 49. g6 Bc3 50. Rg5 Bg7 51. Rxa5 Rc2+ 52. Kg3 Rc1 53. Rg5 Rb1 54. Rg4 Kd5 55. b4 Ra1 56. b5 Rg1+ 57. Kf2 Ra1 58. Rg5+ Ke6 59. Ke2 Rxa4 60. Rg4 Ra2+ 61. Kd3 Rb2 62. Kc4 Rf2 63. b6 Rc2+ 64. Kb5 Rb2+ 65. Rb4 Rxb4+ 66. Kxb4 Kd7 67. Kb5 Kc8 68. Kc6 1-0

[Event "Titled Tuesday intern op 01st Apr Early"]
[Site "Chess.com INT"]
[Date "2025.04.01"]
[Round "11"]
[White "Bacrot, Etienne"]
[Black "Geivondian, Arman"]
[Result "1-0"]
[WhiteElo "2637"]
[BlackElo "2297"]
[PlyCount "87"]
[EventDate "2025.04.01"]
[EventType "swiss (blitz)"]
[EventRounds "11"]
[EventCountry "USA"]
[SourceTitle "CB15_2025"]
[SourceDate "2025.04.09"]
[SourceVersion "1"]
[SourceVersionDate "2025.04.09"]
[SourceQuality "1"]

1. e4 b6 2. d4 e6 3. Bd3 d5 4. e5 c5 5. c3 Nc6 6. Nf3 c4 7. Bc2 b5 8. a3 h5 9. Nbd2 Nge7 10. h4 a5 11. Nf1 Bb7 12. Bg5 Qb6 13. Ng3 g6 14. Bf6 Rg8 15. Ng5 Bh6 16. 0-0 Nd8 17. Nh7 Kd7 18. a4 b4 19. b3 cxb3 20. Bxb3 Ba6 21. Bxe7 Kxe7 22. Nf6 Rh8 23. Bxd5 Rc8 24. c4 Bxc4 25. Bxc4 Rxc4 26. d5 Qd4 27. d6+ Kf8 28. Qf3 Nc6 29. Rad1 Qc3 30. Rd3 Qc2 31. d7 Ke7 32. Ng8+ Kd8 33. Qf6+ Kc7 34. d8Q+ Nxd8 35. Qxd8+ Kb7 36. Qd7+ Rc7 37. Qb5+ Kc8 38. Qa6+ Rb7 39. Qa8+ Rb8 40. Rd8+ Kxd8 41. Qxb8+ Kd7 42. Nf6+ Kc6 43. Qxh8 Bd2 44. Qc8+ 1-0

[Event "Titled Tuesday intern op 01st Apr Early"]
[Site "Chess.com INT"]
[Date "2025.04.01"]
[Round "8"]
[White "Bacrot, Etienne"]
[Black "Leve, Nitai D"]
[Result "1-0"]
[WhiteElo "2637"]
[BlackElo "2128"]
[PlyCount "61"]
[EventDate "2025.04.01"]
[EventType "swiss (blitz)"]
[EventRounds "11"]
[EventCountry "USA"]
[SourceTitle "CB15_2025"]
[SourceDate "2025.04.09"]
[SourceVersion "1"]
[SourceVersionDate "2025.04.09"]
[SourceQuality "1"]

1. e4 e6 2. d4 d5 3. exd5 exd5 4. Nf3 Bg4 5. h3 Bh5 6. Qe2+ Qe7 7. Be3 Nc6 8. Nc3 0-0-0 9. 0-0-0 Qb4 10. g4 Bg6 11. Bg2 Qa5 12. Ne5 Bb4 13. Nxg6 hxg6 14. Rd3 Nf6 15. a3 Ne4 16. Nxe4 dxe4 17. Bxe4 Rhe8 18. Qf3 Bd6 19. Bxc6 bxc6 20. Qxc6 Re6 21. Qf3 Be7 22. Rb3 Rb6 23. Rxb6 axb6 24. Qxf7 Bxa3 25. bxa3 Qxa3+ 26. Kd2 Qb4+ 27. Kd3 Rf8 28. Qc4 Qa3+ 29. Kd2 Rf6 30. Rb1 Qe7 31. Ra1 1-0

[Event "Titled Tuesday intern op 01st Apr Early"]
[Site "Chess.com INT"]
[Date "2025.04.01"]
[Round "3"]
[White "Potapova, Margarita"]
[Black "Bacrot, Etienne"]
[Result "1-0"]
[WhiteElo "2226"]
[BlackElo "2637"]
[PlyCount "137"]
[EventDate "2025.04.01"]
[EventType "swiss (blitz)"]
[EventRounds "11"]
[EventCountry "USA"]
[SourceTitle "CB15_2025"]
[SourceDate "2025.04.09"]
[SourceVersion "1"]
[SourceVersionDate "2025.04.09"]
[SourceQuality "1"]

1. d4 d5 2. c4 e6 3. Nc3 Be7 4. Nf3 Nf6 5. Bf4 0-0 6. e3 b6 7. Bd3 Bb7 8. cxd5 exd5 9. Ne5 c5 10. Qf3 Nbd7 11. 0-0 a6 12. Rad1 Re8 13. Qh3 g6 14. Qf3 Rc8 15. Bg5 c4 16. Bxc4 b5 17. Bb3 b4 18. Nxd5 Nxe5 19. dxe5 Nxd5 20. Bxd5 Bxd5 21. Rxd5 Qc7 22. Bh6 Qc4 23. Rd7 Qe6 24. Rfd1 Qxe5 25. b3 Qe6 26. h3 a5 27. Qf4 a4 28. bxa4 Rc4 29. Qf3 Rc2 30. Qb7 Rcc8 31. a5 Bf6 32. a6 Ra8 33. R1d6 Qxa2 34. Rxf6 Qa1+ 35. Kh2 Qxf6 36. f4 Rxa6 37. Bg5 Qe6 38. Bh6 Rb6 39. Qc7 Rc6 40. Qa7 Rc2 41. Qd4 f6 42. Rg7+ Kh8 43. Qa7 Qg8 44. Rxg8+ Rxg8 45. Qb7 Rc3 46. Qxb4 Rxe3 47. Qd4 Re6 48. Qd5 Ra6 49. Qd4 Rc6 50. Bg5 Rf8 51. Bh4 Re6 52. Bg3 Rfe8 53. Qd3 Kg8 54. f5 gxf5 55. Qxf5 R8e7 56. Bh4 Kg7 57. Qg4+ Kf7 58. Qh5+ Kg7 59. Bg3 Re2 60. Bf4 R7e6 61. Qh6+ Kg8 62. Qh5 Rc2 63. Qg4+ Kf7 64. Qf5 Ree2 65. Qxh7+ Ke6 66. Qg8+ Kd7 67. Qg7+ Ke6 68. h4 Kf5 69. Bb8 1-0

[Event "Titled Tuesday intern op 01st Apr Early"]
[Site "Chess.com INT"]
[Date "2025.04.01"]
[Round "2"]
[White "Skotheim, Andreas"]
[Black "Bacrot, Etienne"]
[Result "0-1"]
[WhiteElo "2229"]
[BlackElo "2637"]
[PlyCount "84"]
[EventDate "2025.04.01"]
[EventType "swiss (blitz)"]
[EventRounds "11"]
[EventCountry "USA"]
[SourceTitle "CB15_2025"]
[SourceDate "2025.04.09"]
[SourceVersion "1"]
[SourceVersionDate "2025.04.09"]
[SourceQuality "1"]

1. g3 d5 2. Nf3 c6 3. Bg2 Nf6 4. c4 g6 5. b3 Bg7 6. Bb2 0-0 7. 0-0 a5 8. d3 a4 9. Nbd2 a3 10. Bc3 Nbd7 11. cxd5 cxd5 12. Rc1 Nb8 13. Ne5 Ra6 14. Ndf3 Nc6 15. Nxc6 bxc6 16. Bb4 Ne8 17. Rc2 Nd6 18. Qc1 Bb2 19. Rxb2 axb2 20. Qxb2 f6 21. Rc1 Bd7 22. e4 Qb8 23. Bc5 dxe4 24. dxe4 Rf7 25. e5 Nb7 26. Bd4 c5 27. Bc3 Bc6 28. exf6 exf6 29. Nd2 Bxg2 30. Kxg2 Qa8 31. Kg1 Rxa2 32. Qb1 Nd6 33. Qd3 Qa6 34. Qd5 Kg7 35. Qxc5 Qd3 36. Nc4 Ne4 37. Qe3 Nxf2 38. Qxd3 Nxd3 39. Rb1 Rc2 40. Bd4 Rc1+ 41. Rxc1 Nxc1 42. b4 Ne2+ 0-1

[Event "Titled Tuesday intern op 25th Mar Early"]
[Site "Chess.com INT"]
[Date "2025.03.25"]
[Round "2"]
[White "Ankit, Ray"]
[Black "Bacrot, Etienne"]
[Result "1-0"]
[WhiteElo "2288"]
[BlackElo "2637"]
[PlyCount "183"]
[EventDate "2025.03.25"]
[EventType "swiss (blitz)"]
[EventRounds "11"]
[EventCountry "USA"]
[SourceTitle "CB14_2025"]
[SourceDate "2024.11.01"]
[SourceVersion "1"]
[SourceVersionDate "2024.11.01"]
[SourceQuality "1"]

1. Nf3 c5 2. c4 Nc6 3. Nc3 g6 4. d4 cxd4 5. Nxd4 Bg7 6. e3 Nf6 7. Be2 0-0 8. 0-0 d6 9. Bf3 Bd7 10. Nxc6 bxc6 11. Qc2 Qa5 12. b3 Rac8 13. Bb2 d5 14. Ne2 Bf5 15. Qc1 Rfe8 16. Ng3 Bd7 17. Rd1 e5 18. Qd2 Qxd2 19. Rxd2 dxc4 20. bxc4 e4 21. Bd1 Rc7 22. Bc2 c5 23. Rad1 Bc6 24. Bxf6 Bxf6 25. Rd6 Kg7 26. Rxc6 Rxc6 27. Ba4 Rce6 28. Bxe8 Rxe8 29. Rd5 Rb8 30. h3 Be7 31. Nxe4 Rb4 32. Rd7 Kf8 33. Rxa7 Rxc4 34. f3 Rc1+ 35. Kh2 c4 36. Ra8+ Kg7 37. Rc8 f5 38. Nd2 c3 39. Nb3 Rc2 40. Nd4 Rxa2 41. Rxc3 Kf6 42. Rc6+ Kf7 43. Rc3 Kf6 44. f4 Rd2 45. Nf3 Re2 46. Rc6+ Kf7 47. Ne5+ Kf8 48. Rc8+ Kg7 49. Rc7 Kf8 50. Rc3 Kg7 51. Kg3 Bf6 52. Rc7+ Kg8 53. Kf3 Re1 54. Nd7 Bg7 55. Rc8+ Kf7 56. Rc7 Rf1+ 57. Ke2 Rg1 58. Ne5+ Kf8 59. Kf2 Ra1 60. Rc8+ Ke7 61. Rc7+ Kf8 62. Rf7+ Kg8 63. Re7 Kf8 64. Re6 Ra2+ 65. Kf3 Ra7 66. g4 fxg4+ 67. hxg4 Ra3 68. g5 Ra7 69. Ng4 Rc7 70. Ra6 Kf7 71. Nf6 Rb7 72. Nxh7 Rb3 73. Nf6 Bf8 74. Nd5 Bc5 75. Rf6+ Kg7 76. Rc6 Ba3 77. Rc7+ Kf8 78. Ke4 Bd6 79. Rd7 Bc5 80. Rc7 Bd6 81. Rc8+ Kf7 82. Rc6 Ba3 83. Rf6+ Kg7 84. Rb6 Rxb6 85. Nxb6 Kf7 86. Nc4 Bb4 87. Kd5 Bc3 88. e4 Bb4 89. Ne5+ Kg7 90. Ke6 Bd2 91. Nd3 Kh7 92. Kf7 1-0

[Event "Titled Tuesday intern op 18th Mar Late"]
[Site "Chess.com INT"]
[Date "2025.03.18"]
[Round "3"]
[White "Bacrot, Etienne"]
[Black "Rees, Ioan"]
[Result "1-0"]
[WhiteElo "2637"]
[BlackElo "2288"]
[PlyCount "61"]
[EventDate "2025.03.18"]
[EventType "swiss (blitz)"]
[EventRounds "11"]
[EventCountry "USA"]
[SourceTitle "CB13_2025"]
[SourceDate "2025.03.26"]
[SourceVersion "1"]
[SourceVersionDate "2025.03.26"]
[SourceQuality "1"]

1. e4 e6 2. d4 d5 3. exd5 exd5 4. Nf3 Nf6 5. Bd3 c5 6. c3 c4 7. Bc2 Bd6 8. 0-0 0-0 9. h3 Nbd7 10. Bg5 Re8 11. Nbd2 Nf8 12. b3 b5 13. a4 cxb3 14. Bxb3 bxa4 15. Bxd5 Bh2+ 16. Nxh2 Qxd5 17. Bxf6 gxf6 18. Ng4 Re6 19. Qf3 Bb7 20. Qxd5 Bxd5 21. c4 Bb7 22. Rxa4 Re2 23. Nb3 f5 24. Nf6+ Kg7 25. Nh5+ Kh6 26. Ng3 Rb2 27. Nc5 f4 28. Nd3 Rd2 29. Nxf4 Kg5 30. Ra5+ Kxf4 31. Rf5# 1-0

[Event "Titled Tuesday intern op 11th Mar Late"]
[Site "Chess.com INT"]
[Date "2025.03.11"]
[Round "2"]
[White "Bacrot, Etienne"]
[Black "Schmider, Niklas"]
[Result "0-1"]
[WhiteElo "2637"]
[BlackElo "2395"]
[PlyCount "102"]
[EventDate "2025.03.11"]
[EventType "swiss (blitz)"]
[EventRounds "11"]
[EventCountry "USA"]
[SourceTitle "CB12_2025"]
[SourceDate "2025.03.19"]
[SourceVersion "1"]
[SourceVersionDate "2025.03.19"]
[SourceQuality "1"]

1. e4 e5 2. Nf3 Nc6 3. Bc4 Bc5 4. d3 Nf6 5. 0-0 d6 6. Nc3 a6 7. Be3 Bxe3 8. fxe3 0-0 9. Qe1 Be6 10. Bxe6 fxe6 11. Ne2 Ne7 12. Ng3 Ng6 13. Qb4 Qd7 14. d4 exd4 15. exd4 Qb5 16. Qc3 Rf7 17. a4 Qd7 18. Ng5 Re7 19. Qb3 h6 20. Nf3 Qc6 21. Rae1 Rf8 22. h3 Kh8 23. Kh2 b5 24. axb5 Qxb5 25. Qc3 Ref7 26. Nd2 a5 27. Rf3 a4 28. Ref1 Qg5 29. e5 Nd5 30. Qd3 Ndf4 31. Qe3 dxe5 32. Nde4 Qh4 33. c3 exd4 34. cxd4 Nd5 35. Qa3 Rxf3 36. Rxf3 Rxf3 37. Qxf3 Qf4 38. Qe2 Nh4 39. Kg1 Nf5 40. Nxf5 exf5 41. Nf2 Qxd4 42. Qe6 Ne3 43. Qc8+ Kh7 44. Qxc7 Qxb2 45. Qc5 Qe2 46. Kh2 Qxf2 47. Qc6 Qxg2+ 48. Qxg2 Nxg2 49. Kg3 a3 50. h4 a2 51. h5 a1Q 0-1